01677nam a22003497a 4500003000400000005001700004008004100021040002200062082001500084130002400099245006800123260002600191300001800217490001400235505009300249505003500342505008000377505005500457505013700512505011300649505011200762505003900874505005500913505009000968505001301058505002001071650004201091650005101133650004901184650004401233651005001277OSt20230817132324.0221006b |||||||| |||| 00| 0 eng d cBiblioteca Lado V a305bM953m aMujer/Fempresslspa aMujer/Fempress/bRed de comunicación alternativa de la mujer/ bFEMPRESSc1998aChile c22x31cma29p. v1998a199 aCasi casi la hora de las mujeres Mayor participación en poderes públicos tCOLOMBIA aLeyes y PrejuiciostCOSTA RICA aMujeres en radio y televisión. Una estrategia para el Cono SurtURUGUAY aBox, otra arena de lucha por la igualdad tMEXICO aHillary Clinton. Siglo XXI Desafíos y Esperanzas Cumbre de los pueblos de las Américas Alianza Social Continental tCHILE aEvita como modelo de subversión Cuidar el cuerpo es tarea feminista Irrumpen las talladorastPUERTO RICO aDos candidatas a la presidencia Campaña de la ONU Una vida sin violencia es un derecho nuestrotECUADOR aEl Patrimonio de SusanatARGENTINA aBella Abzug Una gringa excepcionaltINTERNACIONAL aEstado Venezolano demandado ante la OEA Víctima de violencia y homicidatVENEZUELA aRECORTES aCOMUNICANDONOS  2Tesauro de Arte & ArquitecturaaMUJER 2Tesauro de Arte & ArquitecturaaCOMUNICACIÓN 2Tesauro de Arte & ArquitecturaaRED FEMENINA 2Tesauro de Arte & ArquitecturaaCULTURA 2Tesauro de Arte & ArquitecturaaINTERNACIONAL